| 000 | 00000nas 2200000za 4500 |
| 001 | 9.844571 |
| 003 | CaOODSP |
| 005 | 20221107152755 |
| 007 | cr ||||||||||| |
| 008 | 170926d19481949oncmr p oss f0###a0eng|d |
| 022 | |y0837-9017 |
| 040 | |aCaOODSP|beng |
| 041 | |aeng|afre |
| 043 | |an-cn--- |
| 086 | 1 |aCS84-001-PDF |
| 245 | 00|aMonthly report of births, marriages and deaths in Canada |h[electronic resource]. |
| 246 | 13|aRapport mensuel sur les naissances, les mariages et les décès au Canada|fJan. 1949-Aug. 1949 |
| 260 | |a[Ottawa] : |bDominion Bureau of Statistics, |c1948-1949. |
| 310 | |aMonthly |
| 362 | 0 |aSeries no. 1, nos. 1-6 (Jan./June [1948])-Aug. [1949] |
| 500 | |aDigitized edition from print [produced by Statistics Canada]. |
| 515 | |aNumbering begins each year with Series no. 1. |
| 546 | |aText in English only, Jan./June 1948-Dec. 1948; text in English and French, Jan. 1949-Aug. 1949. |
| 692 | 07|2gccst|aBirth |
| 692 | 07|2gccst|aMarriage |
| 692 | 07|2gccst|aDeath |
| 710 | 1 |aCanada. |bDominion Bureau of Statistics. |
| 785 | 00|tBirths, marriages and deaths in Canada |w(CaOODSP)9.854169 |
| 792 | |tMonthly report of births, marriages and deaths in Canada |efre|w(CaOODSP)9.848435 |